Environmental science : (Record no. 11614)
[ view plain ]
| 000 -LEADER | |
|---|---|
| fixed length control field | 01375nam a22002895a 4500 |
| 008 - FIXED-LENGTH DATA ELEMENTS--GENERAL INFORMATION | |
| fixed length control field | 090525t2008 xxua|||fr|||| 001 0 eng d |
| 010 ## - LIBRARY OF CONGRESS CONTROL NUMBER | |
| LC control number | 2006049816 |
| 020 ## - INTERNATIONAL STANDARD BOOK NUMBER | |
| International Standard Book Number | 0132051362 |
| 020 ## - INTERNATIONAL STANDARD BOOK NUMBER | |
| International Standard Book Number | 9780132051361 |
| 040 ## - CATALOGING SOURCE | |
| Original cataloging agency | EG-ScBuE |
| Language of cataloging | eng |
| Transcribing agency | EG-ScBuE |
| 082 04 - DEWEY DECIMAL CLASSIFICATION NUMBER | |
| Classification number | 363.7 |
| Item number | WRI |
| Edition number | 22 |
| 100 1# - MAIN ENTRY--PERSONAL NAME | |
| Personal name | Wright, Richard T., |
| 9 (RLIN) | 5111 |
| 245 10 - TITLE STATEMENT | |
| Title | Environmental science : |
| Remainder of title | Toward a sustainable future / |
| Statement of responsibility, etc | Richard T. Wright. |
| 246 30 - VARYING FORM OF TITLE | |
| Title proper/short title | Toward a sustainable future |
| 250 ## - EDITION STATEMENT | |
| Edition statement | 10th ed. ,Pearson International Edition. |
| 260 ## - PUBLICATION, DISTRIBUTION, ETC. (IMPRINT) | |
| Place of publication, distribution, etc | Upper Saddle River : |
| Name of publisher, distributor, etc | Pearson/Prentice Hall, |
| Date of publication, distribution, etc | c.2008. |
| 300 ## - PHYSICAL DESCRIPTION | |
| Extent | xxii, 682p. : |
| Other physical details | ill. (some col.), |
| Dimensions | 28 cm |
| 500 ## - GENERAL NOTE | |
| General note | Glossary : p.643-665. |
| 500 ## - GENERAL NOTE | |
| General note | Index : p.667-682. |
| 504 ## - BIBLIOGRAPHY, ETC. NOTE | |
| Bibliography, etc | Includes bibliographical references and index. |
| 538 ## - SYSTEM DETAILS NOTE | |
| System details note | System requirements for accompanying CD-ROM: PC.Windows 98/Me/2000/NT/XP; Pentium II 233 MHz processor; 64 MB RAM; 800 x 600 pixel screen resolution or higher; color monitor running "Thousands of Colors" or higher; audio-capable system is recommended; 4x CD-ROM drive; speakers; netscape(TM) 6 or 7; Internet Explorer(TM) 5.5 or 6; Adobe Acrobat Reader 5.0 or higher; Internet connection; printer. |
| 590 ## - LOCAL NOTE (RLIN) | |
| Local note | yassmeen ashraf |
| 650 #0 - SUBJECT ADDED ENTRY--TOPICAL TERM | |
| Topical term or geographic name as entry element | Environmental sciences |
| 9 (RLIN) | 5112 |
| Source of heading or term | BUEsh |
| 651 ## - SUBJECT ADDED ENTRY--GEOGRAPHIC NAME | |
| Source of heading or term | BUEsh |
| 653 ## - INDEX TERM--UNCONTROLLED | |
| Resource For college | Nursing |
| -- | Pharmacy |
| -- | |
| Arrived date list | August2015 |
| 942 ## - ADDED ENTRY ELEMENTS (KOHA) | |
| Item type | Book - Borrowing |
| Call number prefix | 363.7 WRI |
| Source of classification or shelving scheme | Dewey Decimal Classification |
| Withdrawn status | Item status | Source of classification or shelving scheme | Damaged status | Not for loan | Vendor | Home library | Current library | Shelving location | Date acquired | Source of acquisition | Cost, normal purchase price | Serial Enumeration / chronology | Total Checkouts | Full call number | Barcode | Date last seen | Koha item type |
|---|---|---|---|---|---|---|---|---|---|---|---|---|---|---|---|---|---|
| Dewey Decimal Classification | Alahram | Central Library | Central Library | First floor | 25/05/2009 | 225.00 | 380 | 363.7 WRI | 000016430 | 15/07/2025 | Book - Borrowing |